Statistics for Municipis de la comarca de les Garrigues (Catalunya)

Click here to take the quiz!

General Stats

  • This quiz has been taken 24 times
  • The average score is 10 of 24

Answer Stats

HintAnswer% Correct
BBLes Borges Blanques
92%
AArbeca
67%
JJuneda
67%
VVinaixa
67%
AL'Albi
58%
CCastelldans
50%
CGCervià de les Garrigues
50%
SEl Soleràs
50%
GGGranyena de les Garrigues
50%
FLa Floresta
42%
GLa Granadella
42%
AL'Albagés
42%
TTarrés
42%
OEls Omellons
33%
TEls Torms
33%
JJuncosa
33%
PCLa Pobla de Cérvoles
33%
PPuiggròs
33%
BBellaguarda
25%
BBovera
25%
CEl Cogul
25%
VEl Vilosell
17%
FFulleda
17%
ECL'Espluga Calba
8%

Score Distribution

Percentile by Number Answered

Percent of People with Each Score

Your Score History

You have not taken this quiz